La formación de los dominios lingüísticos en la Península Ibérica

Bewaard in:
Bibliografische gegevens
Hoofdauteur: Baldinger, Kurt
Formaat: Boek
Taal:Undetermined
Gepubliceerd in: Madrid, España Editorial Gredos 1963
Onderwerpen:
Tags: Voeg label toe
Geen labels, Wees de eerste die dit record labelt!

MARC

LEADER 00000nam a2200000Ia 4500
008 170316s9999 xx 000 0 und d
090 |a 410 B-4f 
100 |a Baldinger, Kurt 
245 |a La formación de los dominios lingüísticos en la Península Ibérica 
260 |a Madrid, España 
260 |b Editorial Gredos 
260 |c 1963 
300 |a 398 páginas 
650 |a LINGÜÍSTICA 
650 |a LINGÜÍSTICA HISTÓRICA 
650 |a EL CATALÁN 
650 |a EL GALLEGO - PORTUGUÉS 
650 |a EL ESPAÑOL 
999 |c 18258  |d 18258 
040 |a cru BVZT 
942 |c 15 D  |h 410 B-4f  |2 z